MALBA C-32 sucursal (Record no. 800)
[ view plain ]
| 000 -LEADER | |
|---|---|
| campo de control de longitud fija | 01758nam a22003977a 4500 |
| 008 - DATOS DE LONGITUD FIJA--INFORMACIÓN GENERAL | |
| campo de control de longitud fija | 151127b xxu||||| |||| 00| 0 eng d |
| 020 ## - NÚMERO INTERNACIONAL ESTÁNDAR DEL LIBRO | |
| Número Internacional Estándar del Libro | 9789871271580 |
| 082 ## - NÚMERO DE LA CLASIFICACIÓN DECIMAL DEWEY | |
| Número de clasificación | 708 |
| Número de ítem | B268m |
| 100 ## - ENTRADA PRINCIPAL--NOMBRE DE PERSONA | |
| Nombre de persona | Pablo León de la Barra |
| 9 (RLIN) | 4260 |
| 245 ## - MENCIÓN DEL TÍTULO | |
| Título | MALBA C-32 sucursal |
| Mención de responsabilidad, etc. | Pablo León de la Barra, Victoria Giraudo [Curadora] |
| 260 ## - PUBLICACIÓN, DISTRIBUCIÓN, ETC. | |
| Lugar de publicación, distribución, etc. | Argentina, Buenos Aires |
| Nombre del editor, distribuidor, etc. | Fundación Eduardo F. Costantini |
| Fecha de publicación, distribución, etc. | 2014 |
| 300 ## - DESCRIPCIÓN FÍSICA | |
| Extensión | 134 p. |
| Otras características físicas | ill.(col.) |
| Dimensiones | 22 cm |
| 505 ## - NOTA DE CONTENIDO CON FORMATO | |
| Título | Introducción |
| Mención de responsabilidad | Victoria Giraudo |
| Título | Hágalo usted mismo |
| Mención de responsabilidad | Gala Berger, Sofia Dourron, Marina Reyes Franco, Santiago Villanueva. |
| Título | Manual para realizar exposiciones en el trópico |
| Mención de responsabilidad | Pablo Leon de la Barra |
| Título | Capitulo 1: Unidad de almacenamientos de datos |
| -- | Capitulo 2: Exhibiciones |
| -- | Capitulo 3:Sucursales e intercambios Residencias 2011-2014 Nuestro negocio es la cooperación. |
| 650 ## - PUNTO DE ACCESO ADICIONAL DE MATERIA--TÉRMINO DE MATERIA | |
| Término de materia o nombre geográfico como elemento de entrada | Arte Contemporáneo |
| Subdivisión de forma | Exhibición |
| Subdivisión geográfica | MALBA |
| 9 (RLIN) | 4261 |
| 650 ## - PUNTO DE ACCESO ADICIONAL DE MATERIA--TÉRMINO DE MATERIA | |
| Término de materia o nombre geográfico como elemento de entrada | Arte Moderno |
| Subdivisión de forma | Exhibiciones |
| 9 (RLIN) | 3827 |
| 650 ## - PUNTO DE ACCESO ADICIONAL DE MATERIA--TÉRMINO DE MATERIA | |
| Término de materia o nombre geográfico como elemento de entrada | Arte Moderno |
| Subdivisión de forma | Catálogo de Exhibición |
| 9 (RLIN) | 4285 |
| 700 ## - ENTRADA AGREGADA--NOMBRE PERSONAL | |
| Nombre de persona | Giraudo, Victoria [Curadora] |
| 9 (RLIN) | 4286 |
| 700 ## - ENTRADA AGREGADA--NOMBRE PERSONAL | |
| Nombre de persona | Berger, Gala |
| 9 (RLIN) | 4287 |
| 700 ## - ENTRADA AGREGADA--NOMBRE PERSONAL | |
| Nombre de persona | Dourron, Sofía |
| 9 (RLIN) | 4288 |
| 700 ## - ENTRADA AGREGADA--NOMBRE PERSONAL | |
| Nombre de persona | Reyes Franco, Marina |
| 9 (RLIN) | 4289 |
| 700 ## - ENTRADA AGREGADA--NOMBRE PERSONAL | |
| Nombre de persona | Villanueva, Santiago |
| 9 (RLIN) | 4290 |
| 700 ## - ENTRADA AGREGADA--NOMBRE PERSONAL | |
| Nombre de persona | Figueroa, Radamés "Juni" |
| 9 (RLIN) | 4291 |
| 700 ## - ENTRADA AGREGADA--NOMBRE PERSONAL | |
| Nombre de persona | Ferrari, Franco |
| 9 (RLIN) | 4292 |
| 700 ## - ENTRADA AGREGADA--NOMBRE PERSONAL | |
| Nombre de persona | Salem, Felipe |
| 9 (RLIN) | 4293 |
| 700 ## - ENTRADA AGREGADA--NOMBRE PERSONAL | |
| Nombre de persona | Gallisá Muriente, Sofía |
| 9 (RLIN) | 4294 |
| 700 ## - ENTRADA AGREGADA--NOMBRE PERSONAL | |
| Nombre de persona | Landsberg, Zaq |
| 9 (RLIN) | 4295 |
| 700 ## - ENTRADA AGREGADA--NOMBRE PERSONAL | |
| Nombre de persona | Valdés, Esteban |
| 9 (RLIN) | 4296 |
| 700 ## - ENTRADA AGREGADA--NOMBRE PERSONAL | |
| Nombre de persona | Sinclair, Marcela |
| 9 (RLIN) | 4297 |
| 700 ## - ENTRADA AGREGADA--NOMBRE PERSONAL | |
| Nombre de persona | Pinola, Leonel |
| 9 (RLIN) | 4298 |
| 700 ## - ENTRADA AGREGADA--NOMBRE PERSONAL | |
| Nombre de persona | Reyes Franco, Marina (ed.) |
| 9 (RLIN) | 4299 |
| 700 ## - ENTRADA AGREGADA--NOMBRE PERSONAL | |
| Nombre de persona | Robbio, Nicolás |
| 9 (RLIN) | 4300 |
| 700 ## - ENTRADA AGREGADA--NOMBRE PERSONAL | |
| Nombre de persona | Minoliti, Adriana |
| 9 (RLIN) | 4301 |
| 700 ## - ENTRADA AGREGADA--NOMBRE PERSONAL | |
| Nombre de persona | Divas, Lino |
| 9 (RLIN) | 4302 |
| 700 ## - ENTRADA AGREGADA--NOMBRE PERSONAL | |
| Nombre de persona | Berchem, Otto |
| 9 (RLIN) | 4303 |
| 700 ## - ENTRADA AGREGADA--NOMBRE PERSONAL | |
| Nombre de persona | Traba, Marta "Che" |
| 9 (RLIN) | 4304 |
| Estatus retirado | Estado de pérdida | Fuente del sistema de clasificación o colocación | Estado de daño | No para préstamo | Biblioteca de origen | Biblioteca actual | Ubicación en estantería | Fecha de adquisición | Total de préstamos | Signatura topográfica completa | Código de barras | Visto por última vez | Precio de reemplazo | Tipo de ítem Koha |
|---|---|---|---|---|---|---|---|---|---|---|---|---|---|---|
| Clasificación Decimal Dewey | Biblioteca LadoV | Biblioteca LadoV | 27/11/2015 | 708 B268m | 004072 | 27/11/2015 | 27/11/2015 | Material 01 |
